Tổng luận khoa học công nghệ kinh tế

Na minha lista:
Detalhes bibliográficos
Formato: Livro
Idioma:Undetermined
Publicado em: Hà Nội Bộ Khoa học và Công nghệ. Trung tâm Thông tin Khoa học và Công nghệ Quốc gia 2018
Assuntos:
Tags: Adicionar Tag
Sem tags, seja o primeiro a adicionar uma tag!
Thư viện lưu trữ: Trung tâm Học liệu Trường Đại học Cần Thơ
LEADER 00670nam a2200181Ia 4500
001 CTU_234464
008 210402s9999 xx 000 0 und d
020 |c 50000 
082 |a 600 
082 |b T455 
245 0 |a Tổng luận khoa học công nghệ kinh tế 
245 0 |c Bộ Khoa học và Công nghệ. Trung tâm Thông tin Khoa học và Công nghệ Quốc gia 
260 |a Hà Nội 
260 |b Bộ Khoa học và Công nghệ. Trung tâm Thông tin Khoa học và Công nghệ Quốc gia 
260 |c 2018 
650 |a Economic 
904 |i T.Trang 
980 |a Trung tâm Học liệu Trường Đại học Cần Thơ